Volcans sur une carte du Monde - Statistiques

Statistiques générales
  • Ce quiz a été pris 1 534 fois
  • Le résultat moyen est 8 sur 30
Réponses sur la Carte
Les réponses sont colorées sur une échelle allant du rouge au vert en fonction du pourcentage des utilisateurs qui les ont devinées à leur premier essai. Vous pouvez retrouver ces pourcentages ci-dessous.
 
Statistiques - réponses
Réponse % Correct
Vésuve
88%
Etna
86%
Mont Fuji
62%
Piton de la Fournaise
57%
Stromboli
49%
Kilimandjaro
42%
Krakatau
40%
Volcan de Yellowstone
33%
Montagne Pelée
31%
Mont Saint Helens
29%
Mauna Loa
28%
Pinatubo
24%
Elbrouz
20%
Mont Kenya
20%
Santorin
20%
Mont Ararat
17%
Eyjafjöll
15%
Mont Cameroun
15%
Teide
14%
Tambora
13%
Chimborazo
11%
Merapi
11%
Erta Ale
7%
Mont Damavand
7%
Nevado del Ruiz
7%
Volcán de Fuego
7%
Nevado Ojos del Salado
6%
Pic d'Orizaba
6%
Mayon
5%
Kerinci
4%
Aucun quiz correspondant
Distribution des résultats
% des personnes avec chaque résultat
Percentile par nombre de réponses
Votre historique - résultats
Vous n’avez pas pris ce quiz